El Director general de Archivos y Bibliotecas inauguró una exposición en la Biblioteca Central
Colección:
San Jorge,
; núm. 9 (gener 1953), pàg 82
Idioma:
Español
MARC
| LEADER | 00000naa a2200000 a 4500 | ||
|---|---|---|---|
| 003 | Arxiu | ||
| 005 | 20260324181041.0 | ||
| 008 | 160829s1953 spc xx s spa c | ||
| 040 | |a agdb | ||
| 245 | 0 | 3 | |a El Director general de Archivos y Bibliotecas inauguró una exposición en la Biblioteca Central |
| 490 | |a San Jorge, |v núm. 9 (gener 1953), pàg 82 | ||
| 590 | |a Títol de l'exposició: 'Fray Junípero Serra, fundador de las Misiones de California. Lazos entre Mallorca y Estados Unidos de América' | ||
| 610 | 2 | 0 | |a Biblioteca Central (Barcelona, Catalunya) |v Exposicions |9 54534 |
| 773 | |g Núm. 9 (gener 1953), pàg 82 |t San Jorge. | ||
| 901 | |a Arxiu | ||
| 942 | |n 1 |2 udc |c ART | ||
| 952 | |0 0 |1 0 |4 0 |6 REV508 |7 1 |9 64348 |a Arxiu |b Arxiu |d 2022-11-24 |o Rev-508 |r 2022-11-24 00:00:00 |w 2022-11-24 |y ARXIU |z També disponible a Rev-522 | ||
| 999 | |c 49043 |d 49043 | ||